000 00380cam a22001217a 4500
008 180718b1980 xxu||||| |||| 00| 0 eng d
082 _aB142x73 F956
100 _aFulenwider, Claire Knoche
245 _aFeminism in American politics: a study of ideological influence
_cby Claire Knoche Fulenwider
260 _aNew York
_bPraeger
_c1980
300 _a165p.
650 _aWomen-U.S.A.
999 _c344532
_d344532